000 00723nam a2200205Ia 4500
001 161804
003 256969
005 20221011062537.0
008 190408s2014 ck ||||||m| 000 0 spa d
041 _aspa
100 _aBecerra Cuesta , Carlos Hernan
_9203709
245 0 _aAdministración publica, globalización y su impacto en la población Afrocolombiana frente a los derechos humanos
260 _c2014.
504 _aIncluye bibliografía
562 _e1
650 0 _aESCUELA SUPERIOR DE ADMINISTRACIÓN PÚBLICA (VILLAVICENCIO, META)
_934980
650 0 _aESPECIALIZACIÓN EN DERECHOS HUMANOS (META)
_9203735
650 _aPOBLACIÓN AFROCOLOMBIANA FRENTE A LOS DERECHOS HUMANOS
_9203711
942 _cTESIS
999 _c161804
_d161804